Governors of New Jersey - Statistics

General Stats
  • This quiz has been taken 23 times
  • The average score is 11 of 78
Answer Stats
Term Governor % Correct
2018- Phil Murphy
100%
2010-2018 Christopher J. Christie
95%
1902–1905 Franklin Murphy
95%
1994–2001 Christine Todd Whitman
65%
2006-2010 Jon S. Corzine
60%
1911–1913 Woodrow Wilson
55%
1982–1990 Thomas H. Kean
50%
2002–2004 James E. McGreevey
45%
2002 Richard Codey
35%
2004–2006 Richard Codey
35%
1990–1994 James J. Florio
30%
1974–1982 Brendan T. Byrne
25%
2001-2002 Donald DiFrancesco
25%
1790-1793 William Patterson
25%
1878–1881 George Brinton McClellan
20%
1962–1970 Richard J. Hughes
20%
1954–1962 Robert B. Meyner
20%
1941–1944 Charles Edison
15%
2002 John Farmer Jr.
15%
1917–1919 Walter Evans Edge
15%
1944–1947 Walter Evans Edge
15%
1776-1790 William Livingston
15%
1970–1974 William T. Cahill
15%
1926–1929 A. Harry Moore
10%
1932–1935 A. Harry Moore
10%
1938–1941 A. Harry Moore
10%
1947-1954 Alfred E. Driscoll
10%
1817–1829 Isaac Halstead Williamson
10%
1863–1866 Joel Parker
10%
1872–1875 Joel Parker
10%
2002 John O. Bennett
10%
1913–1914 Leon R. Taylor
10%
1812-1813 Aaron Ogden
5%
1845–1848 Charles C. Stratton
5%
1860–1863 Charles S. Olden
5%
1898–1899 David Ogden Watkins
5%
1920–1923 Edward I. Edwards
5%
1898 Foster M. Voorhees
5%
1899–1902 Foster M. Voorhees
5%
1851–1854 George F. Fort
5%
1923–1926 George Sebastian Silzer
5%
1893–1896 George T. Werts
5%
1935–1938 Harold G. Hoffman
5%
1935 Horace Griggs Prall
5%
1913 James F. Fielder
5%
1914–1917 James F. Fielder
5%
1908–1910 John Franklin Fort
5%
1801-1802 Joseph Bloomfield
5%
1803-1812 Joseph Bloomfield
5%
1875–1878 Joseph D. Bedle
5%
1884–1887 Leon Abbett
5%
1890–1893 Leon Abbett
5%
1815–1817 Mahlon Dickerson
5%
1866–1869 Marcus L. Ward
5%
1929–1932 Morgan Foster Larson
5%
1836–1837 Philemon Dickerson
5%
1793-1801 Richard Howell
5%
1887–1890 Robert Stockton Green
5%
1854–1857 Rodman M. Price
5%
1793 Thomas Henderson
5%
1920 Clarence E. Case
0%
1935 Clifford Ross Powell
0%
1843–1845 Daniel Haines
0%
1848–1851 Daniel Haines
0%
1905–1908 Edward C. Stokes
0%
1833 Elias P. Seeley
0%
1881–1884 George C. Ludlow
0%
1910–1911 Horace Baker
0%
1802-1803 John Lambert
0%
1896–1898 John W. Griggs
0%
1829–1832 Peter Dumont Vroom
0%
1833–1836 Peter Dumont Vroom
0%
1832–1833 Samuel Lewis Southard
0%
1869–1872 Theodore F. Randolph
0%
1857–1860 William A. Newell
0%
1919–1920 William Nelson Runyon
0%
1837–1843 William Pennington
0%
1813-1815 William Sanford Pennington
0%
No matching quizzes found
Score Distribution
Percent of People with Each Score
Percentile by Number Answered
Your Score History
You have not taken this quiz